02020agaaa2200313 45000010005000000030009000050050017000140070009000310080040000400400023000800410013001031000054001161300024001702450174001942500022003682600105003903000033004955080092005285200513006205380016011335460013011496500063011627000075012257000066013007000068013669420012014349990019014469520241014654682IT-RoPAU20220918181256.0d cvaizq50131s9999||||xx ||| | || ||und|| aIT-RoPAUcIT-RoPAU aITALIANO aManfio SergiogCodice regista SPICS: 55764951420 aCUCCIOLI (2)951421 aCUCCIOLI (2)cProdotto da: Campedelli Piero -- Sceneggiatura: Francesco E Sergio Manfio -- Diretto da: Manfio SergiopCUCCIOLI (2) (Rif. Codice opera principale : H4682) aEdizione Standard a(ITALIA)bRAI FICTION - AGOGO - ALPHANIM - AGOGO / g"2004 (1° ed.: 2004 ; Ed. Lingua Orig.: n.d.)" aVHSbsonoro, col.c60 minuti a"Sceneggiatura: Francesco E Sergio Manfio; Soggetto: Manfio Sergio -- Manfio Francesco" a"LE AVVENTURE DI SEI SCATENATI, SIMPATICISSIMI CUCCIOLI CHE COMPIONO UN LUNGO VIAGGIO DALL'AUSTRALIA FINO A VENEZIA. DIVA, LA PAPERA VANITOSA, LA SAGGIA GATTINA OLLY, CILINDRO IL CONIGLIO ATLETA, IL FLEMMATICO CAGNOLINO PORTATILE, IL RANOCCHIO-ATTORE PIO E INFINE SENZANOME, IL PULCINO CHE RISOLVE I LORO GUAI: TUTTI DIVERSI MA AMICI PER LE PIUME!IN QUESTA VIDEOCASSETTA I SECONDI CINQUE EPISODI: LA LEGGENDA DI OTOI; I GATTI PESCATORI; LA PERLA GIGANTE; LA FILARMONICA GRANCHIO; LE OLIMPIADI DELLA GIUNGLA." aPAL, STEREO aITALIANO aANIMAZIONEeFILMS [VHS]xCodice MATERIA SPICS: 9960951422 aManfio Francesco e(soggetto)gCodice Soggetto 2° SPICS: 57746951423 aManfio Sergio e(regista)gCodice regista SPICS: 55764951424 aManfio Sergio e(soggetto)gCodice Soggetto SPICS: 55764951425 cVH2ddc c107286d107286 0010406H_4682_00000000000000071aSPICSbSPICSd2015-01-31l0oH4682r2015-01-31 00:00:00w2015-01-31yVHzProgr. Ins.: 3116 / N.Vol.:1 / Copie: 1 / Pag.:0 / Copia rara: n.d. / date import: 1.2.2015 / By Epidotti, Trombetti, Vaglietti